000 00310nam a22001337a 4500
999 _c530175
_d530175
003 NUST
038 _awaseem
082 _a813.52
_bHEL
100 _aHell, Lillian
_923562
245 _aAn unfinished Women /
_cLillian Hell
260 _aU.S.A :
_bPenguin Books,
_c1972.
300 _a224 p. ;
942 _2ddc
_cBK